[Event "GER-chT U10"]
[Site "Magdeburg"]
[Date "2016.12.29"]
[Round "6.2"]
[White "Schaefer, Anton"]
[Black "Poetzsch Heffter, Frieder"]
[Result "1-0"]
[WhiteElo "901"]
[BlackElo "785"]
[PlyCount "57"]
[EventDate "2016.12.27"]
[EventType "team-swiss"]
[EventRounds "7"]
[EventCountry "GER"]
[SourceTitle "EXT 2018"]
[Source "ChessBase"]
[SourceDate "2017.10.13"]
[SourceVersion "1"]
[SourceVersionDate "2017.10.13"]
[SourceQuality "1"]
[WhiteTeam "Paderborn Akademie II"]
[BlackTeam "Luebeck"]
[WhiteTeamCountry "GER"]
[BlackTeamCountry "GER"]

1. d4 d5 2. Nf3 Nc6 3. Bf4 Nf6 4. Nc3 Bf5 5. a3 e6 6. Nb5 Bd6 7. Bg3 0-0 8. e3 a6 9. Nxd6 cxd6 10. Bd3 Bg4 11. h3 Bh5 12. Bh4 e5 13. g4 e4 14. gxh5 exd3 15. Qxd3 Qe7 16. 0-0-0 Na5 17. Ng5 Nc4 18. Nxh7 Rfe8 19. Nxf6+ Kf8 20. Nh7+ Kg8 21. Bxe7 Rxe7 22. Rdg1 Re6 23. f4 Rh6 24. Ng5 f6 25. Ne6 Re8 26. Nxg7 Re7 27. Nf5+ Kh7 28. Nxe7+ Kh8 29. Rg8# 1-0

[Event "GER-chT U10"]
[Site "Magdeburg"]
[Date "2016.12.27"]
[Round "2.2"]
[White "Schaefer, Anton"]
[Black "Moebis, Lucas"]
[Result "0-1"]
[WhiteElo "901"]
[BlackElo "600"]
[PlyCount "60"]
[EventDate "2016.12.27"]
[EventType "team-swiss"]
[EventRounds "7"]
[EventCountry "GER"]
[SourceTitle "EXT 2018"]
[Source "ChessBase"]
[SourceDate "2017.10.13"]
[SourceVersion "1"]
[SourceVersionDate "2017.10.13"]
[SourceQuality "1"]
[WhiteTeam "Paderborn Akademie II"]
[BlackTeam "Berlin Nord Ost II"]
[WhiteTeamCountry "GER"]
[BlackTeamCountry "GER"]

1. d4 d5 2. Nf3 Nc6 3. Bf4 Bf5 4. c3 e6 5. e3 Bd6 6. Bg3 Bxg3 7. hxg3 Nf6 8. Bd3 Be4 9. Ne5 Bxd3 10. Qxd3 Qd6 11. Qb5 Rb8 12. Nxc6 Qxc6 13. Qd3 b5 14. f3 Qc4 15. Qc2 b4 16. b3 Qc6 17. e4 dxe4 18. Nd2 exf3 19. gxf3 Qxc3 20. Qb1 Rd8 21. g4 Rxd4 22. Rh2 0-0 23. g5 Rfd8 24. gxf6 g6 25. Kf1 Rxd2 26. Rh3 R2d3 27. Kg2 Rd2+ 28. Kg3 Qxf6 29. Qh1 h5 30. Rc1 Qg5# 0-1

[Event "GER-chT U10"]
[Site "Magdeburg"]
[Date "2015.12.29"]
[Round "7.3"]
[White "Schaefer, Anton"]
[Black "Roell, Lea"]
[Result "0-1"]
[WhiteElo "890"]
[BlackElo "969"]
[PlyCount "31"]
[EventDate "2015.12.27"]
[EventType "team-swiss"]
[EventRounds "7"]
[EventCountry "GER"]
[SourceTitle "EXT 2017"]
[Source "ChessBase"]
[SourceDate "2016.10.25"]
[SourceVersion "1"]
[SourceVersionDate "2016.10.25"]
[SourceQuality "1"]
[WhiteTeam "Paderborn Akademie II"]
[BlackTeam "Vaterstetten"]
[WhiteTeamCountry "GER"]
[BlackTeamCountry "GER"]

1. d4 d5 2. Nf3 Nc6 3. Bf4 Nf6 4. e3 Bf5 5. Bd3 Bg6 6. Nc3 e6 7. Qe2 Bb4 8. 0-0 0-0 9. Nb5 Bd6 10. Bxd6 cxd6 11. c4 e5 12. Bc2 e4 13. cxd5 Nb4 14. Bb3 Nfxd5 15. h3 exf3 16. gxf3 0-1

[Event "GER-chT U10"]
[Site "Magdeburg"]
[Date "2015.12.28"]
[Round "3.3"]
[White "Schaefer, Anton"]
[Black "Pietsch, Alexander"]
[Result "1-0"]
[WhiteElo "890"]
[BlackElo "896"]
[PlyCount "67"]
[EventDate "2015.12.27"]
[EventType "team-swiss"]
[EventRounds "7"]
[EventCountry "GER"]
[SourceTitle "EXT 2017"]
[Source "ChessBase"]
[SourceDate "2016.10.25"]
[SourceVersion "1"]
[SourceVersionDate "2016.10.25"]
[SourceQuality "1"]
[WhiteTeam "Paderborn Akademie II"]
[BlackTeam "Niedersachsen"]
[WhiteTeamCountry "GER"]
[BlackTeamCountry "GER"]

1. d4 d5 2. Nf3 Nf6 3. Bf4 Nc6 4. Nc3 Bf5 5. e3 e6 6. Bd3 Bg6 7. Nb5 a6 8. Nxc7+ Ke7 9. Nxa8 Qxa8 10. 0-0 Kd7 11. Qe2 Bd6 12. Bxd6 Kxd6 13. Ng5 Ke7 14. Qf3 Qb8 15. c4 Bh5 16. Qh3 h6 17. Nf3 g5 18. cxd5 Bg4 19. Qg3 Qxg3 20. fxg3 Nb4 21. Bc4 exd5 22. Bb3 Nd3 23. Ne5 Be2 24. Rfb1 Nb4 25. a3 Nc6 26. Nxc6+ bxc6 27. h3 Ne4 28. Rc1 h5 29. Rxc6 h4 30. Rc7+ Kf6 31. Rc6+ Kf5 32. g4+ Bxg4 33. Rf1+ Bf3 34. Rxf3# 1-0

[Event "GER-chT U10"]
[Site "Magdeburg"]
[Date "2014.12.28"]
[Round "3.3"]
[White "Burger, Radena"]
[Black "Schaefer, Anton"]
[Result "0-1"]
[WhiteElo "775"]
[BlackElo "782"]
[PlyCount "34"]
[EventDate "2014.12.27"]
[EventType "team-swiss"]
[EventRounds "7"]
[EventCountry "GER"]
[SourceTitle "EXT 2016"]
[Source "ChessBase"]
[SourceDate "2015.10.08"]
[SourceVersion "1"]
[SourceVersionDate "2015.10.08"]
[SourceQuality "1"]
[WhiteTeam "Neumarkt"]
[BlackTeam "Paderborn II"]
[WhiteTeamCountry "GER"]
[BlackTeamCountry "GER"]

1. e4 e6 2. Nf3 d5 3. Ne5 Nh6 4. d3 Nd7 5. Bxh6 Nxe5 6. Bf4 Ng6 7. Bg5 Qxg5 8. exd5 exd5 9. d4 Bd6 10. Qe2+ Be6 11. Qb5+ c6 12. Qxb7 0-0 13. h4 Qc1+ 14. Ke2 Qxc2+ 15. Nd2 Bf4 16. Rd1 Bg4+ 17. Ke1 Qxd1# 0-1